| 000 | 00546nam a22001577a 4500 | ||
|---|---|---|---|
| 008 | 171204b xxu||||| |||| 00| 0 eng d | ||
| 082 |
_21968 _aDC 808.042 _bC61 |
||
| 100 |
_923892 _aClifton, Lucile,author. |
||
| 245 |
_aComposition: _ban approach through reading / _cLucile Clifton and Alexander MacGibbon |
||
| 260 |
_aNew York : _bHarcourt, Brace & World, _c©1968. |
||
| 300 |
_axi, 494 pages _c; 23 cm. |
||
| 500 | _aIncludes indexes. | ||
| 650 | 0 |
_923895 _aCollege readers. |
|
| 700 |
_923896 _aMacGibbon, Alexander,author. |
||
| 942 |
_2ddc _cDC |
||
| 999 |
_c7857 _d7857 |
||